Countries from Serbian to English #3 - Statistics

General Stats
  • This quiz has been taken 105 times
  • The average score is 9 of 10
Answer Stats
Serbian English % Correct
Srbija Serbia
100%
Egipat Egypt
99%
Novi
Zeland
New Zealand
99%
Katar Qatar
98%
Južna Afrika South Africa
98%
Sjedinjene
Američke
Države
United States
96%
Hrvatska Croatia
93%
Istočni Timor East Timor
90%
Madjarska Hungary
82%
Komori Comoros
66%
No matching quizzes found
Score Distribution
Percent of People with Each Score
Percentile by Number Answered
Your Score History
You have not taken this quiz